|
|
|
|
| LEADER |
01056nam a2200277 a 4500 |
| 001 |
1934694 |
| 008 |
100107s1987 enka b 001 0 eng d |
| 010 |
|
|
|a 86030959
|
| 020 |
|
|
|a 0631149570
|
| 020 |
|
|
|a 0631149589 (pbk.)
|
| 040 |
|
|
|a DLC
|c DLC
|d DLC
|d BD-DhAAL
|
| 082 |
0 |
0 |
|a 305.4/2
|2 19
|
| 100 |
1 |
|
|a Coote, Anna.
|
| 245 |
1 |
0 |
|a Sweet freedom :
|b the struggle for women's liberation /
|c Anna Coote and Beatrix Campbell.
|
| 250 |
|
|
|a 2nd ed.
|
| 260 |
|
|
|a Oxford, OX, UK ;
|a New York, NY, USA :
|b B. Blackwell,
|c 1987.
|
| 300 |
|
|
|a viii, 271 p. :
|b ill. ;
|c 23 cm.
|
| 504 |
|
|
|a Includes bibliographical references and index.
|
| 541 |
1 |
|
|e 00004086
|
| 650 |
|
0 |
|a Feminism
|z Great Britain.
|
| 650 |
|
0 |
|a Feminism.
|
| 650 |
|
0 |
|a Women's rights.
|
| 700 |
1 |
|
|a Campbell, Beatrix.
|
| 852 |
4 |
|
|a Ayesha Abed Library
|j General shelf
|
| 999 |
|
|
|c 6779
|d 6779
|
| 952 |
|
|
|0 0
|1 0
|2 ddc
|4 0
|6 305_420000000000000_COO_1997
|7 0
|9 6967
|a BRACUL
|b BRACUL
|c GEN
|d 2010-01-07
|g 0.00
|l 2
|m 42
|o 305.42 COO
|p 3010004086
|q 2026-05-04
|r 2025-12-03
|s 2025-12-03
|t 1
|w 2010-01-07
|y BK
|z Not price in Register
|